| 000 | 00530nam a2200181Ia 4500 | ||
|---|---|---|---|
| 008 | 220216s9999 xx 000 0 und d | ||
| 100 | _aMeti S | ||
| 245 | 0 | _aImpact of cold weather condition on the growth of Hevea brasiliensis clones in Northern West Bengal | |
| 260 |
_bIndian Journal of Natural Rubber Research _c2003 |
||
| 300 | _a53-59 | ||
| 650 | _aCold injury | ||
| 650 | _aHevea brasiliensis | ||
| 650 | _aPhotosynthesis | ||
| 700 | _aChaudhuri D | ||
| 700 | _aMeenattoor R | ||
| 700 | _aMondal G C | ||
| 942 | _cJS | ||
| 999 |
_c60728 _d60728 |
||